Nové možné prístupy k meraniu efektívnosti tretieho sektora

Autor sa v príspevku zaoberá možnými alternatívami merania efektívnosti mimovládnych neziskových organizácií tretieho sektora s dôrazom na určenie kritérií efektívnosti a ich kvantifikácie. Charakteristika DEA a vymedzenie základných pojmov. Podstata a princípy DEA modelov. Aplikácia DEA metódy je v...

Descrizione completa

Salvato in:
Dettagli Bibliografici
Autore principale: Zelezník, Juraj
Natura: Capitolo di libro
Lingua:slovacco
Soggetti:
Tags: Aggiungi Tag
Nessun Tag, puoi essere il primo ad aggiungerne!!

MARC

LEADER 00000nla$a2200000$$$4500
001 0146872
005 20240617094658.5
041 0 |a slo 
044 |a SK 
245 1 0 |a Nové možné prístupy k meraniu efektívnosti tretieho sektora  |c Juraj Zelezník 
520 |a Autor sa v príspevku zaoberá možnými alternatívami merania efektívnosti mimovládnych neziskových organizácií tretieho sektora s dôrazom na určenie kritérií efektívnosti a ich kvantifikácie. Charakteristika DEA a vymedzenie základných pojmov. Podstata a princípy DEA modelov. Aplikácia DEA metódy je viac ako vhodnou na analýzu efektívnosti mimovládnych neziskových organizácií tretieho sektora v podmienkach Slovenskej republiky. 
610 2 0 |a organizácie nevládne 
610 2 0 |a organizácie neziskové 
610 2 0 |a efektívnosť 
610 2 0 |a meranie 
610 2 0 |a analýzy 
100 1 |a Zelezník, Juraj